Určování přestupu tepla z rotujíciho povrchu naftalenovou sublimační metodou

Bibliographic Details
Main Authors: Janotková, Eva (Author), Pavelek, Milan, 1950- (Author)
Format: Article
Language:Slovak
Czech
PhysicalDescription:Tb. 1. Grafy 2. Sch. 2. Res. rus., angl., lit. 13 zázn. v češ., angl.
Subjects:

MARC

LEADER 00000nab a2200000 a 4500
001 vtls000255997
003 SK-MaSNL
005 20260304071140.0
008 250422c1986 xo 0 slo
015 |a SNBRB19rr/mm-uuuuu 
035 |a CL0266111 
035 |a urn:nbn:sk:snk-abbg1l 
035 |a (urnnbn)urn:nbn:sk:snk:ar-a09sms 
035 |a (uuid)7b23f7bf-c019-4a23-a101-c9b557879ea6 
040 |a SNKBUCL  |b slo  |c SNKBUCL  |e AACR2 
041 0 |a cze 
044 |a xo  |c SK 
080 |a 536.242:536.422  |2 1981 
080 |a 536.422  |2 1981 
080 |a 62-25  |2 1981 
100 1 |a Janotková, Eva  |4 aut  |9 7703 
245 1 0 |a Určování přestupu tepla z rotujíciho povrchu naftalenovou sublimační metodou  |c Eva Janotková, Milan Pavelek 
300 |b Tb. 1. Grafy 2. Sch. 2. Res. rus., angl., lit. 13 zázn. v češ., angl. 
650 0 7 |a disky rotujúce  |2 snkbucl  |9 1357942 
650 0 7 |a teplo  |2 snkbucl  |9 14005 
650 0 7 |a prestup tepla  |2 snkbucl  |9 85449 
655 7 |a články z novín a časopisov  |2 snkbucl  |9 267496 
700 1 |a Pavelek, Milan,  |d 1950-  |4 aut  |9 111785 
773 0 |t Strojnícky časopis  |g Roč. 37, č. 3 (1986), s. 381-393 
850 |a Slovenská národná knižnica 
852 |a Slovenská národná knižnica 
958 |a article15 
958 |a OND 
958 |a NB 
958 |a RK 
958 |a CZ 
958 |a EUIPO 
992 |a RBX 
999 |c 2759113  |d 2761043